000 00776nam a22002177a 4500
003 OSt
005 20260609122304.0
008 260609b |||||||| |||| 00| 0 eng d
020 _a0872071995
040 _cChuka University Library
050 _aLB 4806.4
_b.B3 1999
100 _aBarone Diane
_927902
245 _aResilient Children: Stories of Poverty, Drug Exposure, and Literacy Development
260 _aChicago
_bInternational Reading Association
_c1999
300 _axiii, 241P
_bIllustrations
650 _aChildren and Prenatal Substance Abuse-Education(primary)-Case Studies
_927903
650 _aPoor Children- Education-Case Studies
_927904
650 _aReading(primary)-Case Studies
_927905
650 _aLiteracy-Case Studies
_927906
942 _2lcc
_cBK
_n0
999 _c23636
_d23636